Commonwealth advisory aeronautical research council: (Record no. 44881)
[ view plain ]
| 000 -LEADER | |
|---|---|
| fixed length control field | 00510nam a22001217a 4500 |
| 008 - FIXED-LENGTH DATA ELEMENTS--GENERAL INFORMATION | |
| fixed length control field | 230619b |||||||| |||| 00| 0 eng d |
| 040 ## - CATALOGING SOURCE | |
| Original cataloging agency | National Science Library |
| Transcribing agency | National Science Library |
| 080 ## - UNIVERSAL DECIMAL CLASSIFICATION NUMBER | |
| Universal Decimal Classification number | 629.7.01/.02(082.2) |
| Item number | L9 |
| 245 ## - TITLE STATEMENT | |
| Title | Commonwealth advisory aeronautical research council: |
| Remainder of title | Technical Papers |
| Statement of responsibility, etc. | Structures co-ordinators meetings, Bangalore-India, April-May, 1969 |
| 260 ## - PUBLICATION, DISTRIBUTION, ETC. | |
| Place of publication, distribution, etc. | Bangalore: |
| Name of publisher, distributor, etc. | Commonwealth Advisory Aeronautical Research Council, |
| Date of publication, distribution, etc. | 1969 |
| 650 ## - SUBJECT ADDED ENTRY--TOPICAL TERM | |
| Topical term or geographic name entry element | Science |
| 942 ## - ADDED ENTRY ELEMENTS (KOHA) | |
| Source of classification or shelving scheme | Universal Decimal Classification |
| Koha item type | Reference |
| Withdrawn status | Lost status | Source of classification or shelving scheme | Damaged status | Not for loan | Home library | Current library | Shelving location | Date acquired | Total Checkouts | Full call number | Barcode | Date last seen | Price effective from | Koha item type |
|---|---|---|---|---|---|---|---|---|---|---|---|---|---|---|
| Universal Decimal Classification | National Science Library | National Science Library | GF/Rk-13/C-21/R-1 | 05/06/1970 | 629.7.01/.02(082.2) L9 | 33354 | 19/06/2023 | 05/06/1970 | Reference |